000 00361nam a22001337a 4500
003 SGT
020 _a9789395217088
082 _a891.4309
_bT22S
100 _aसुमनाक्षर, प्रदीप कुमार
245 _aतेरी याद में
260 _bजोबरा बुक्स
_c2022
300 _a81
942 _2ddc
_cBK
999 _c31376
_d31376